<?xml version="1.0" encoding="UTF-8"?>
<collection xmlns="http://www.loc.gov/MARC21/slim">
 <record>
  <leader>00586cam a2200169 7i4500</leader>
  <controlfield tag="001">0000052976</controlfield>
  <controlfield tag="005">20070801090000.0</controlfield>
  <datafield tag="020" ind1="#" ind2="0">
   <subfield code="a">020535873X </subfield>
  </datafield>
  <datafield tag="090" ind1="0" ind2="0">
   <subfield code="a">P 94.6 </subfield>
   <subfield code="b">C6 2007</subfield>
  </datafield>
  <datafield tag="100" ind1="1" ind2="#">
   <subfield code="a">Cooper </subfield>
  </datafield>
  <datafield tag="245" ind1="1" ind2="0">
   <subfield code="a">Intercultural communication : </subfield>
   <subfield code="b">a text with readings  </subfield>
   <subfield code="c">Pamela J. Cooper, Carolyn Calloway-Thomas, Cheri J. Simonds.</subfield>
  </datafield>
  <datafield tag="260" ind1="#" ind2="#">
   <subfield code="a">Boston: </subfield>
   <subfield code="b">Pearson Allyn &amp; Bacon, </subfield>
   <subfield code="c">2007.</subfield>
  </datafield>
  <datafield tag="300" ind1="#" ind2="#">
   <subfield code="a">xii, 339 p.: </subfield>
   <subfield code="b">ill.; </subfield>
   <subfield code="c">28  cm..</subfield>
  </datafield>
  <datafield tag="650" ind1="0" ind2="0">
   <subfield code="a">Intercultural communication </subfield>
  </datafield>
  <datafield tag="700" ind1="1" ind2="1">
   <subfield code="a">Simonds, </subfield>
   <subfield code="h">Cheri </subfield>
  </datafield>
  <datafield tag="700" ind1="1" ind2="1">
   <subfield code="a">Calloway-Thomas, </subfield>
   <subfield code="h">Carolyn </subfield>
  </datafield>
  <datafield tag="999" ind1=" " ind2=" ">
   <subfield code="a">1100047640</subfield>
   <subfield code="b">Book</subfield>
   <subfield code="c">Open Shelf</subfield>
   <subfield code="e">KOLEKSI TERBUKA</subfield>
  </datafield>
 </record>
</collection>
